[Event "2BLO 2223 SC NT Nürnberg - SK Gögginge"]
[Site "?"]
[Date "2023.02.25"]
[Round "7.7"]
[White "Schmittdiel, Eckhard"]
[Black "Braun, Michael"]
[Result "1-0"]
[WhiteElo "2398"]
[BlackElo "2101"]
[PlyCount "81"]
[EventDate "2023.??.??"]

1. Nf3 f5 2. c4 Nf6 3. Nc3 d6 4. d4 e6 5. g3 Be7 6. Bg2 O-O 7. O-O Ne4 8. Ne1 Nxc3 9. bxc3 e5 10. Nd3 Bf6 11. e3 Nc6 12. c5 e4 13. Nf4 dxc5 14. Ba3 Rf7 15. Bxc5 b6 16. Ba3 Na5 17. Qe2 g5 18. Nh5 Be6 19. Rfe1 Be7 20. Bb4 Nc4 21. Rad1 Bd5 22. g4 Bxb4 23. cxb4 Qe7 24. gxf5 Rxf5 25. Ng3 Rf7 26. Bxe4 Bxe4 27. Qxc4 Bf3 28. Rc1 Qd7 29. e4 Qh3 30. Qf1 Qh4 31. Re3 Bg4 32. f3 Raf8 33. Qc4 Bh3 34. e5 Qf4 35. Rcc3 Kh8 36. e6 Re7 37. d5 Rd8 38. Qe4 Rf8 39. Ne2 Qxe4 40. Rxe4 Rd8 41. Re5 1-0

[Event "2BLO 2223 SC NT Nürnberg - SK Gögginge"]
[Site "?"]
[Date "2023.02.25"]
[Round "7.8"]
[White "Petrashov, Alexander"]
[Black "Kukov, Velislav"]
[Result "0-1"]
[WhiteElo "2036"]
[BlackElo "2343"]
[PlyCount "100"]
[EventDate "2023.??.??"]

1. d4 Nf6 2. c4 Nc6 3. Nc3 e5 4. d5 Ne7 5. e4 Ng6 6. Be3 Bb4 7. f3 O-O 8. Nge2 d6 9. Qd3 Nd7 10. g4 Nc5 11. Qc2 Qf6 12. Bg2 Nf4 13. O-O Nd7 14. Na4 Nb6 15. a3 Ba5 16. b4 Nxe2+ 17. Qxe2 Nxa4 18. bxa5 b6 19. Qf2 Nc5 20. Rfb1 Bd7 21. Qc2 Qe7 22. a4 Nb7 23. Bd2 Rfb8 24. Bf1 h5 25. h3 Nc5 26. axb6 axb6 27. a5 bxa5 28. Rxa5 Qd8 29. Rxb8 Rxb8 30. Be3 Qf6 31. Be2 hxg4 32. hxg4 Qh4 33. Kg2 g6 34. Bxc5 dxc5 35. Rxc5 Kg7 36. Qc3 Qg5 37. Rxc7 Rh8 38. Qa1 Qf4 39. Qg1 Ba4 40. d6 Qd2 41. Qf2 Bd1 42. Bxd1 Rh2+ 43. Kxh2 Qxf2+ 44. Kh3 Qf1+ 45. Kh2 Qxd1 46. d7 Kf6 47. c5 Kg5 48. c6 Kh4 49. Rc8 Qd2+ 50. Kg1 Kg3 0-1

[Event "2BLO 2223 SG Leipzig  - SK Passau"]
[Site "?"]
[Date "2023.02.26"]
[Round "8.1"]
[White "Diermair, Andreas"]
[Black "Richter, Leonard"]
[Result "1/2-1/2"]
[WhiteElo "2457"]
[BlackElo "2227"]
[PlyCount "67"]
[EventDate "2023.??.??"]

1. d4 Nf6 2. c4 g6 3. Nc3 Bg7 4. e4 d6 5. Be2 O-O 6. Bg5 h6 7. Be3 Na6 8. Qd2 Kh7 9. f3 c5 10. d5 Nc7 11. a4 e6 12. dxe6 Nxe6 13. Bd1 Nd7 14. Nge2 Ne5 15. b3 Qh4+ 16. Ng3 f5 17. exf5 gxf5 18. Bc2 Kh8 19. Bf2 Qg5 20. h4 Qxd2+ 21. Kxd2 Nf4 22. Rag1 Be6 23. Nce2 Nxe2 24. Nxe2 f4 25. Be4 Rad8 26. Rd1 Nc6 27. Kc1 Be5 28. Be1 Rg8 29. Rh2 Rg7 30. Bxc6 bxc6 31. Bc3 Bxc3 32. Nxc3 Rb7 33. Ne4 Rxb3 34. Nxc5 1/2-1/2

[Event "2BLO 2223 SG Leipzig  - SK Passau"]
[Site "?"]
[Date "2023.02.26"]
[Round "8.2"]
[White "Natsidis, Christoph"]
[Black "Schwabeneder, Florian"]
[Result "1-0"]
[WhiteElo "2342"]
[BlackElo "2399"]
[PlyCount "91"]
[EventDate "2023.??.??"]

1. d4 d6 2. Nf3 g6 3. g3 Bg7 4. Bg2 Nf6 5. O-O O-O 6. b3 b5 7. Ne1 c6 8. Bb2 a5 9. Nd3 Qc7 10. Nd2 Nbd7 11. c4 bxc4 12. Nxc4 Nb6 13. Rc1 Bb7 14. Qd2 Nxc4 15. Rxc4 a4 16. bxa4 d5 17. Rb4 Ba6 18. Rc1 Bxd3 19. Qxd3 Rfb8 20. Rxb8+ Rxb8 21. Bc3 e6 22. Bd2 Ra8 23. a5 Ne8 24. Qc3 Ra6 25. Bf1 Nd6 26. e3 Ne4 27. Qc2 Nxd2 28. Bxa6 Qxa5 29. Be2 Bf8 30. a4 Ne4 31. Bd3 Ng5 32. Kg2 e5 33. Qxc6 exd4 34. exd4 Ne6 35. Bb5 Qd2 36. Qc2 Qg5 37. Qc3 Qd8 38. Bc6 Bg7 39. Qf3 Qg5 40. Rb1 Bxd4 41. Bxd5 Nf4+ 42. Qxf4 Qxd5+ 43. Qf3 Qa2 44. Rb7 Kg7 45. a5 Bf6 46. Qb3 1-0

[Event "2BLO 2223 SG Leipzig  - SK Passau"]
[Site "?"]
[Date "2023.02.26"]
[Round "8.3"]
[White "Leisch, Lukas"]
[Black "Heistermann, Till"]
[Result "1-0"]
[WhiteElo "2366"]
[BlackElo "2199"]
[PlyCount "75"]
[EventDate "2023.??.??"]

1. d4 Nf6 2. c4 c5 3. d5 b5 4. cxb5 a6 5. bxa6 g6 6. Nc3 Bxa6 7. e4 Bxf1 8. Kxf1 d6 9. Nf3 Nbd7 10. g3 Bg7 11. Kg2 O-O 12. Qc2 Ng4 13. a4 Nge5 14. Nxe5 Nxe5 15. Nb5 Qb6 16. Ra3 Ra6 17. h3 Qb7 18. Rd1 f5 19. exf5 Rxf5 20. Qe4 Rf7 21. Bd2 Nd7 22. Bc3 e5 23. b4 Nf6 24. Qc4 cxb4 25. Bxb4 Bf8 26. a5 Qa8 27. Nc7 Qc8 28. Qxa6 Qxc7 29. Qd3 e4 30. Qc3 Qd7 31. a6 Qf5 32. Qd4 Nxd5 33. a7 e3 34. Ra2 Qf3+ 35. Kh2 Rxa7 36. Qxa7 Qxd1 37. fxe3 Nxb4 38. Rf2 1-0

[Event "2BLO 2223 SG Leipzig  - SK Passau"]
[Site "?"]
[Date "2023.02.26"]
[Round "8.4"]
[White "Roesemann, Rainer"]
[Black "Schreiner, Peter"]
[Result "1/2-1/2"]
[WhiteElo "2284"]
[BlackElo "2401"]
[PlyCount "37"]
[EventDate "2023.??.??"]

1. c4 Nf6 2. Nc3 c5 3. e4 Nc6 4. g3 g6 5. Bg2 Bg7 6. Nge2 O-O 7. d3 Ne8 8. Be3 Nd4 9. Qd2 d6 10. O-O Rb8 11. Rab1 Bg4 12. f3 Bd7 13. b4 Nc7 14. bxc5 dxc5 15. f4 Bc6 16. Nd5 e6 17. Bxd4 cxd4 18. Nb4 Ba4 19. e5 1/2-1/2

[Event "2BLO 2223 SG Leipzig  - SK Passau"]
[Site "?"]
[Date "2023.02.26"]
[Round "8.5"]
[White "Weiss, Christian"]
[Black "Haufe, Laurin"]
[Result "1-0"]
[WhiteElo "2382"]
[BlackElo "2111"]
[PlyCount "101"]
[EventDate "2023.??.??"]

1. g3 c5 2. c4 Nf6 3. Bg2 Nc6 4. Nc3 e5 5. Nf3 d6 6. O-O g6 7. a3 Bg7 8. d3 O-O 9. Rb1 h6 10. Ne1 Be6 11. Nd5 Nd7 12. b4 Rb8 13. Nc2 f5 14. f4 Kh7 15. Bd2 Ne7 16. Nce3 Nxd5 17. Nxd5 Rf7 18. Kh1 b6 19. e4 Nf6 20. fxe5 dxe5 21. Qc2 cxb4 22. axb4 Nxd5 23. exd5 Bc8 24. Be3 Bb7 25. Qa2 Rd7 26. b5 Qc7 27. Ra1 Ba8 28. Qf2 Rf8 29. Ra4 Rdf7 30. Qc2 f4 31. Bg1 fxg3 32. Rxf7 Rxf7 33. hxg3 e4 34. Bxe4 Qxg3 35. Qg2 Qh4+ 36. Qh2 Qe1 37. Ra2 Bd4 38. Rg2 Rg7 39. Qf4 Bxg1 40. Rxg1 Qc3 41. Qd6 Kh8 42. Qf8+ Kh7 43. Rxg6 Rxg6 44. Qf7+ Kh8 45. Qxg6 Qe1+ 46. Kg2 Qe2+ 47. Kg3 Qe3+ 48. Kg4 Qe2+ 49. Kf5 Qf1+ 50. Ke5 Qa1+ 51. Ke6 1-0

[Event "2BLO 2223 SG Leipzig  - SK Passau"]
[Site "?"]
[Date "2023.02.26"]
[Round "8.6"]
[White "Rausch, Stephan"]
[Black "Testor, Sebastian"]
[Result "1-0"]
[WhiteElo "2245"]
[BlackElo "2341"]
[PlyCount "109"]
[EventDate "2023.??.??"]

1. d4 Nf6 2. Nf3 d5 3. c3 e6 4. Bg5 Be7 5. Nbd2 O-O 6. e3 Nbd7 7. Bd3 Re8 8. O-O c5 9. Ne5 Nf8 10. f4 N6d7 11. Qh5 g6 12. Bxe7 Qxe7 13. Qf3 f6 14. Ng4 f5 15. Ne5 Nf6 16. Qh3 N8d7 17. Ndf3 Nxe5 18. Nxe5 Bd7 19. Qh4 Rac8 20. Rf3 Nh5 21. Qf2 Red8 22. g4 Nf6 23. g5 Ne4 24. Qe2 Be8 25. Kg2 Rc7 26. Rh1 b5 27. Bxe4 dxe4 28. Rf2 cxd4 29. cxd4 Rdc8 30. Qd2 b4 31. Qe2 Qd6 32. h4 Qd5 33. b3 a5 34. h5 gxh5 35. Kg3 Rc3 36. Kh4 a4 37. bxa4 Qa5 38. Rg1 Bg6 39. Nd7 Qxa4 40. Nb6 Qa3 41. Nxc8 Rxc8 42. Rg3 Rc1 43. Rf1 Rxf1 44. Qxf1 Qxa2 45. Rg2 Qa3 46. Qe1 Qd3 47. Rd2 Qc4 48. Rd1 Bf7 49. Qd2 b3 50. Qb2 Be8 51. Rb1 Bd7 52. Kxh5 Qd3 53. Re1 Bb5 54. Kh6 Be8 55. d5 1-0

[Event "2BLO 2223 SG Leipzig  - SK Passau"]
[Site "?"]
[Date "2023.02.26"]
[Round "8.7"]
[White "Wisnet, Dominic"]
[Black "Hoffmann, Hendrik"]
[Result "0-1"]
[WhiteElo "2302"]
[BlackElo "2253"]
[PlyCount "94"]
[EventDate "2023.??.??"]

1. e4 c6 2. d4 g6 3. Nc3 Bg7 4. Be3 d5 5. Qd2 dxe4 6. Nxe4 Nd7 7. c4 Ngf6 8. Nc3 O-O 9. Nf3 Ng4 10. Bg5 h6 11. Bh4 Qa5 12. h3 Ngf6 13. Bg3 Nh5 14. Bh2 e5 15. d5 Re8 16. Be2 Nf4 17. O-O cxd5 18. cxd5 Nxe2+ 19. Qxe2 e4 20. Rfd1 Bxc3 21. bxc3 Nf6 22. Ne5 Qxc3 23. Rac1 Qa5 24. Nc4 Qa6 25. Qb2 e3 26. Nd6 exf2+ 27. Qxf2 Bf5 28. Qd4 Re2 29. Re1 Qxa2 30. Rxe2 Qxe2 31. Bf4 Nh5 32. Bxh6 Rd8 33. Nxf5 gxf5 34. Bg5 f6 35. Bxf6 Nxf6 36. Qxf6 Qe3+ 37. Kh2 Qf4+ 38. Kh1 Qxc1+ 39. Kh2 Qf4+ 40. Kh1 Qc1+ 41. Kh2 Qc7+ 42. Kh1 Rxd5 43. Qg6+ Kf8 44. Qh5 Qg7 45. Qf3 Qa1+ 46. Kh2 Qe5+ 47. Kh1 Ra5 0-1

[Event "2BLO 2223 SG Leipzig  - SK Passau"]
[Site "?"]
[Date "2023.02.26"]
[Round "8.8"]
[White "Liedtke, Matthias"]
[Black "Hiermann, Dietmar"]
[Result "1/2-1/2"]
[WhiteElo "2252"]
[BlackElo "2181"]
[PlyCount "34"]
[EventDate "2023.??.??"]

1. e4 e5 2. Nf3 Nc6 3. Bc4 Bc5 4. c3 Nf6 5. d3 d6 6. a4 a6 7. O-O h6 8. Nbd2 O-O 9. b4 Ba7 10. h3 Ne7 11. Re1 Ng6 12. Nf1 c6 13. Ng3 Re8 14. Bb3 d5 15. Ra2 a5 16. Rae2 axb4 17. cxb4 d4 1/2-1/2

[Event "2BLO 2223 Nickelhütte Aue - SC Bavaria"]
[Site "?"]
[Date "2023.02.26"]
[Round "8.1"]
[White "Stocek, Jiri"]
[Black "Antal, Gergely"]
[Result "1/2-1/2"]
[WhiteElo "2542"]
[BlackElo "2560"]
[PlyCount "52"]
[EventDate "2023.??.??"]

1. d4 f5 2. Nf3 Nf6 3. Bg5 e6 4. e3 h6 5. Bh4 g5 6. Bg3 d6 7. c4 Bg7 8. Nc3 Qe7 9. Rc1 O-O 10. Be2 Nc6 11. d5 Nd8 12. dxe6 Nxe6 13. O-O Nc5 14. b4 Nce4 15. c5 dxc5 16. Bc4+ Kh7 17. bxc5 Nxc3 18. Rxc3 Ne4 19. Rc2 Nxc5 20. h4 g4 21. Nd4 Bd7 22. Bxc7 Rac8 23. Bf4 Ba4 24. Bb3 Bd7 25. Bc4 Ba4 26. Bb3 Bd7 1/2-1/2

[Event "2BLO 2223 Nickelhütte Aue - SC Bavaria"]
[Site "?"]
[Date "2023.02.26"]
[Round "8.3"]
[White "Schneider, Jana"]
[Black "Samunenkov, Ihor"]
[Result "0-1"]
[WhiteElo "2273"]
[BlackElo "2485"]
[PlyCount "106"]
[EventDate "2023.??.??"]

1. e4 c5 2. Nf3 Nc6 3. d4 cxd4 4. Nxd4 g6 5. c4 Nf6 6. Nc3 d6 7. Be2 Nxd4 8. Qxd4 Bg7 9. Be3 O-O 10. Qd2 a5 11. f3 a4 12. Kf2 Qa5 13. Rac1 Bd7 14. Rhd1 Rfc8 15. c5 a3 16. b3 Be6 17. Na4 Qxd2 18. Bxd2 Nd7 19. cxd6 exd6 20. Bc3 Bh6 21. Bd2 Bxd2 22. Rxc8+ Rxc8 23. Rxd2 Rc1 24. Ke3 Ne5 25. Nb6 Rc6 26. Nd5 Bxd5 27. Rxd5 Rc2 28. Rd2 Rc3+ 29. Bd3 Kf8 30. f4 Nc6 31. Rc2 Rc5 32. Rxc5 dxc5 33. e5 Nb4 34. Bb1 Nd5+ 35. Kd3 b5 36. g3 Ke7 37. Kd2 b4 38. Kd3 Nc3 39. Kc4 Nxb1 40. Kxc5 Kd7 41. Kxb4 Kc6 42. Ka4 Nd2 43. Kxa3 Nf1 44. Kb4 Nxh2 45. Ka5 Kb7 46. Kb5 h5 47. Kc5 Nf1 48. Kd6 Nxg3 49. Ke7 h4 50. Kxf7 h3 51. e6 h2 52. e7 Nf5 53. Kf6 Nxe7 0-1

[Event "2BLO 2223 Nickelhütte Aue - SC Bavaria"]
[Site "?"]
[Date "2023.02.26"]
[Round "8.4"]
[White "Slobodjan, Roman"]
[Black "Pezelj, Novak"]
[Result "0-1"]
[WhiteElo "2448"]
[BlackElo "2483"]
[PlyCount "78"]
[EventDate "2023.??.??"]

1. e4 c6 2. d4 d5 3. Nd2 dxe4 4. Nxe4 Bf5 5. Ng3 Bg6 6. Nf3 e6 7. h4 h6 8. Ne5 Bh7 9. c3 Nd7 10. Bf4 Nxe5 11. Bxe5 Nf6 12. Nh5 Nxh5 13. Qxh5 Qd5 14. Rh3 Bd6 15. Re3 O-O 16. Qg4 Bxe5 17. Rxe5 Qd6 18. Bc4 b6 19. Re3 Rfd8 20. Rg3 Qf8 21. Qf4 Kh8 22. Rf3 Rd7 23. Kf1 Qd8 24. g3 Rc8 25. b4 a5 26. a3 b5 27. Be2 Ra7 28. Re1 axb4 29. axb4 Qd5 30. Kg1 Bg6 31. Re3 Qd7 32. g4 Qc7 33. Qf3 Rca8 34. Bf1 Ra1 35. Bg2 R8a6 36. h5 Bc2 37. R3e2 Bd1 38. Qe3 Bxe2 39. Qxe2 Qf4 0-1

[Event "2BLO 2223 Nickelhütte Aue - SC Bavaria"]
[Site "?"]
[Date "2023.02.26"]
[Round "8.5"]
[White "Kilgus, Georg"]
[Black "Eichner, Sebastian"]
[Result "1-0"]
[WhiteElo "2411"]
[BlackElo "2316"]
[PlyCount "109"]
[EventDate "2023.??.??"]

1. Nf3 d5 2. g3 Bg4 3. Bg2 Nd7 4. h3 Bxf3 5. Bxf3 Ngf6 6. d3 c6 7. O-O e5 8. e4 dxe4 9. dxe4 Bc5 10. c3 a5 11. a4 O-O 12. Qc2 Qe7 13. Nd2 Rfd8 14. Kg2 Nf8 15. Be2 Rd7 16. Nf3 Ne8 17. Bc4 Nd6 18. Ba2 Kh8 19. h4 f6 20. h5 Ne6 21. Nh4 Qe8 22. Qe2 Nf7 23. Qg4 Neg5 24. Bxg5 fxg5 25. Nf5 h6 26. Rad1 Rad8 27. Qe2 Nd6 28. Rfe1 b6 29. Qf3 Nxf5 30. exf5 Rxd1 31. Rxd1 e4 32. Qe2 Rxd1 33. Qxd1 e3 34. fxe3 Bxe3 35. Qf3 Bc5 36. f6 Qf8 37. f7 Qd8 38. Qe2 Bf8 39. Kh3 Qf6 40. Qd3 g4+ 41. Kg2 g6 42. hxg6 Kg7 43. Bb1 Bc5 44. Qe2 Qg5 45. b4 axb4 46. cxb4 Bd4 47. Be4 Qc1 48. Qxg4 Qd2+ 49. Kh3 Qxb4 50. f8=Q+ Kxf8 51. Qc8+ Ke7 52. Qc7+ Ke6 53. Qf7+ Ke5 54. Qf5+ Kd6 55. Qf8+ 1-0

[Event "2BLO 2223 Nickelhütte Aue - SC Bavaria"]
[Site "?"]
[Date "2023.02.26"]
[Round "8.6"]
[White "Langrock, Hannes"]
[Black "Goldbeck, Lars"]
[Result "1/2-1/2"]
[WhiteElo "2357"]
[BlackElo "2287"]
[PlyCount "62"]
[EventDate "2023.??.??"]

1. d4 d5 2. Nf3 Nf6 3. g3 c6 4. c4 Bf5 5. Nc3 e6 6. Nh4 Be4 7. f3 Bg6 8. Qb3 Qb6 9. c5 Qc7 10. Bf4 Qc8 11. e4 Be7 12. Bd6 Bxd6 13. cxd6 O-O 14. e5 Nfd7 15. Nxg6 hxg6 16. f4 c5 17. Nb5 Nc6 18. dxc5 Nxc5 19. Qa3 Na6 20. Bd3 Ncb4 21. Nc7 Nxd3+ 22. Qxd3 Nxc7 23. Rc1 Qd8 24. Rxc7 Rc8 25. Rxc8 Qxc8 26. O-O Qc5+ 27. Kg2 Rc8 28. Rf3 Qc1 29. Rf2 Qc5 30. Rf3 Qc1 31. Rf2 Qc5 1/2-1/2

[Event "2BLO 2223 Nickelhütte Aue - SC Bavaria"]
[Site "?"]
[Date "2023.02.26"]
[Round "8.7"]
[White "Oberhofer, Cedric"]
[Black "Spiess, Gunter"]
[Result "1/2-1/2"]
[WhiteElo "2235"]
[BlackElo "2362"]
[PlyCount "79"]
[EventDate "2023.??.??"]

1. c4 c6 2. g3 d5 3. Nf3 Nf6 4. Bg2 b5 5. d3 bxc4 6. dxc4 e6 7. Qa4 Qb6 8. cxd5 Qb4+ 9. Qxb4 Bxb4+ 10. Bd2 Bxd2+ 11. Nfxd2 cxd5 12. e4 Bb7 13. Nc3 Na6 14. O-O dxe4 15. Ndxe4 Nxe4 16. Nxe4 Ke7 17. Rfd1 Rhd8 18. Nc3 Bxg2 19. Kxg2 Nc5 20. Rxd8 Rxd8 21. Rd1 Rb8 22. Rd2 Nd7 23. Re2 Nb6 24. Nb5 Rb7 25. Nd4 Kd6 26. Kf3 Nd5 27. Rd2 g6 28. Ne2 Ke5 29. Nc1 Rc7 30. Nd3+ Kf6 31. h4 Rc4 32. Re2 h5 33. Re4 Rc2 34. Ra4 Rc7 35. Ra5 Nb6 36. b3 Nd5 37. Ke4 Nc3+ 38. Kd4 Ne2+ 39. Ke3 Nc3 40. Kd4 1/2-1/2

[Event "2BLO 2223 Nickelhütte Aue - SC Bavaria"]
[Site "?"]
[Date "2023.02.26"]
[Round "8.8"]
[White "Wichmann, Cliff"]
[Black "Kleibel, Uwe"]
[Result "1/2-1/2"]
[WhiteElo "2307"]
[BlackElo "2219"]
[PlyCount "39"]
[EventDate "2023.??.??"]

1. d4 d5 2. c4 e6 3. Nc3 Nf6 4. e3 a6 5. c5 b6 6. cxb6 cxb6 7. Nf3 Nbd7 8. Bd3 Bb7 9. O-O Bd6 10. Bd2 Ne4 11. Be1 f5 12. Nd2 Qh4 13. f4 Qh6 14. Rf3 O-O 15. Rh3 Qg6 16. Nf3 Ndf6 17. Ne2 Rfc8 18. Ne5 Qe8 19. Rf3 a5 20. Nc3 1/2-1/2

[Event "2BLO 2223 MSA Zugzwang - FC Bayern Münc"]
[Site "?"]
[Date "2023.02.26"]
[Round "8.1"]
[White "Belezky, Alexander"]
[Black "Bromberger, Stefan"]
[Result "0-1"]
[WhiteElo "2342"]
[BlackElo "2473"]
[PlyCount "108"]
[EventDate "2023.??.??"]

1. Nf3 d5 2. g3 Nf6 3. Bg2 c6 4. d3 Bf5 5. O-O e6 6. c4 dxc4 7. e4 Bg4 8. e5 Nfd7 9. d4 a5 10. b3 cxb3 11. Qxb3 Na6 12. a3 Qb6 13. Qe3 Be7 14. Nc3 O-O 15. h3 Bh5 16. Nd2 Nc7 17. g4 Bg6 18. f4 f5 19. Nc4 Qa7 20. Bd2 Nb6 21. Nxb6 Qxb6 22. Rfb1 Qa7 23. g5 Rfd8 24. Qe1 Be8 25. Be3 b5 26. Kh2 Nd5 27. Bxd5 exd5 28. Qe2 Qd7 29. Qc2 Bh5 30. Kg3 h6 31. h4 hxg5 32. hxg5 Bxg5 33. Rh1 Bg6 34. Qg2 Be7 35. Rag1 Kf7 36. Kf3 Qe6 37. Bc1 Rh8 38. Ke3 Rxh1 39. Rxh1 b4 40. Na4 c5 41. Nxc5 Bxc5 42. dxc5 d4+ 43. Ke2 Rb8 44. axb4 axb4 45. Ke1 b3 46. Bb2 d3 47. Rh3 Rd8 48. Qb7+ Rd7 49. Qc8 d2+ 50. Kd1 Qd5 51. e6+ Qxe6 52. Be5 b2 53. Qb8 Qc4 54. Bd6 Qc1+ 0-1

[Event "2BLO 2223 MSA Zugzwang - FC Bayern Münc"]
[Site "?"]
[Date "2023.02.26"]
[Round "8.2"]
[White "Shengelia, David"]
[Black "Zajogin, Alexander"]
[Result "1/2-1/2"]
[WhiteElo "2493"]
[BlackElo "2389"]
[PlyCount "104"]
[EventDate "2023.??.??"]

1. d4 Nf6 2. c4 e6 3. Nf3 Bb4+ 4. Nbd2 a5 5. e3 d5 6. Be2 O-O 7. O-O b6 8. Qc2 Bb7 9. b3 Nbd7 10. Bb2 Ne4 11. Rfd1 Ndf6 12. Nxe4 Nxe4 13. Ne5 Qh4 14. g3 Qh6 15. Bf3 Bd6 16. Bg2 Rfe8 17. Nd3 Rac8 18. c5 Bf8 19. a3 Ba6 20. b4 f6 21. Nf4 g5 22. Nd3 g4 23. Nf4 Ng5 24. Rdc1 bxc5 25. bxc5 c6 26. Qd1 Nf3+ 27. Bxf3 gxf3 28. Qxf3 Rc7 29. Bc3 a4 30. Rab1 Bb5 31. e4 e5 32. Nh5 Rf7 33. exd5 cxd5 34. Re1 Bc6 35. dxe5 fxe5 36. Qg4+ Qg6 37. Qxg6+ hxg6 38. Rb6 Bxc5 39. Rxc6 Bxf2+ 40. Kg2 Bxe1 41. Rxg6+ Kh7 42. Rf6 Bxc3 43. Rxf7+ Kg6 44. Rc7 Bb2 45. g4 e4 46. h4 Be5 47. Rc6+ Kf7 48. g5 Re6 49. Rxe6 Kxe6 50. g6 d4 51. Ng3 Bxg3 52. Kxg3 d3 1/2-1/2

[Event "2BLO 2223 MSA Zugzwang - FC Bayern Münc"]
[Site "?"]
[Date "2023.02.26"]
[Round "8.3"]
[White "Hoeglauer, Patrick"]
[Black "Kindermann, Stefan"]
[Result "0-1"]
[WhiteElo "2275"]
[BlackElo "2457"]
[PlyCount "70"]
[EventDate "2023.??.??"]

1. e4 c6 2. d4 d5 3. exd5 cxd5 4. c4 Nf6 5. Nc3 Nc6 6. Nf3 a6 7. cxd5 Nxd5 8. Qb3 Be6 9. Ng5 Nxd4 10. Qa4+ Nc6 11. Nxe6 fxe6 12. Be2 g6 13. O-O Bg7 14. Bg4 Nxc3 15. bxc3 O-O 16. Rb1 Qc7 17. Qc4 b5 18. Bxe6+ Kh8 19. Qc5 Rad8 20. a4 Qd6 21. Qe3 Be5 22. axb5 axb5 23. Qh3 Bxh2+ 24. Qxh2 Qxe6 25. Rxb5 Qc4 26. Rb1 Rxf2 27. Re1 Rdf8 28. Qg3 Rf1+ 29. Kh2 Qc5 30. Rxf1 Rxf1 31. Qe3 Qd6+ 32. Kh3 Rh1+ 33. Kg4 h5+ 34. Kg5 Qf6+ 35. Kh6 g5# 0-1

[Event "2BLO 2223 MSA Zugzwang - FC Bayern Münc"]
[Site "?"]
[Date "2023.02.26"]
[Round "8.4"]
[White "Hertneck, Gerald"]
[Black "Rodewis, Thomas"]
[Result "1/2-1/2"]
[WhiteElo "2468"]
[BlackElo "2347"]
[PlyCount "71"]
[EventDate "2023.??.??"]

1. d4 d5 2. c4 c6 3. Nf3 Nf6 4. e3 Bg4 5. cxd5 Bxf3 6. gxf3 cxd5 7. Qb3 Qd7 8. Nc3 e6 9. Bd2 Nc6 10. Rc1 Bd6 11. Na4 Rb8 12. Nc5 Qe7 13. Nxb7 Rxb7 14. Bb5 O-O 15. Rxc6 Ne8 16. Qa4 Nc7 17. Rxd6 Rxb5 18. Rc6 Rxb2 19. Ke2 Nb5 20. Rhc1 Nd6 21. R1c2 Rxc2 22. Rxc2 Rb8 23. Bb4 Qd8 24. Bxd6 Qxd6 25. Qxa7 h5 26. f4 Qd8 27. a4 Rb1 28. Qa6 Kh7 29. Qd3+ g6 30. Qc3 Qb6 31. Kf3 Qa6 32. Qc7 Rb7 33. Qc8 Qf1 34. Qxb7 Qd1+ 35. Kg2 Qg4+ 36. Kf1 1/2-1/2

[Event "2BLO 2223 MSA Zugzwang - FC Bayern Münc"]
[Site "?"]
[Date "2023.02.26"]
[Round "8.6"]
[White "Zeller, Frank"]
[Black "Reich, Thomas"]
[Result "1-0"]
[WhiteElo "2357"]
[BlackElo "2342"]
[PlyCount "81"]
[EventDate "2023.??.??"]

1. e4 c5 2. Nf3 g6 3. Bc4 Bg7 4. O-O d6 5. d4 cxd4 6. Nxd4 Nf6 7. Nc3 O-O 8. Re1 Nc6 9. Nb3 Bg4 10. f3 Be6 11. Nd5 Ne5 12. Bf1 Rc8 13. c3 Re8 14. a4 h5 15. a5 Nxd5 16. exd5 Bd7 17. Be3 Ra8 18. h3 Bc8 19. Ra4 Nd7 20. Qd2 Nf6 21. Rd1 Bd7 22. Rb4 Qc7 23. Qf2 Qb8 24. Ba6 bxa6 25. Rxb8 Raxb8 26. Nc1 Rb5 27. c4 Rxa5 28. Bd4 Ra4 29. b3 Rb4 30. Qa2 Bc8 31. Nd3 Rb7 32. b4 Rd7 33. g4 hxg4 34. hxg4 e5 35. dxe6 Rxe6 36. Nf4 Re8 37. Qb2 Bh6 38. Bxf6 Bxf4 39. Kf2 Be5 40. Rh1 Bxb2 41. Rh8# 1-0

[Event "2BLO 2223 MSA Zugzwang - FC Bayern Münc"]
[Site "?"]
[Date "2023.02.26"]
[Round "8.7"]
[White "Gretz, Denis"]
[Black "Raykhman, Alexander"]
[Result "1-0"]
[WhiteElo "2304"]
[BlackElo "2376"]
[PlyCount "155"]
[EventDate "2023.??.??"]

1. e4 c5 2. Nf3 d6 3. d4 Nf6 4. Nc3 cxd4 5. Nxd4 a6 6. Bc4 e6 7. O-O Be7 8. Bb3 O-O 9. Be3 b5 10. f3 Re8 11. Qd2 Bb7 12. Rfd1 Nbd7 13. Qf2 Bf8 14. a4 b4 15. Nce2 d5 16. exd5 Nxd5 17. Bxd5 Bxd5 18. Rd2 Qc7 19. Nf4 Bb7 20. Nb3 Nf6 21. Ne2 Rac8 22. Bb6 Qe5 23. Bd4 Qf5 24. Ng3 Qg6 25. Nc5 Bxc5 26. Bxc5 Nd5 27. Kh1 Rc6 28. Ne4 Rec8 29. Bd4 Ba8 30. h3 h6 31. Re1 Kh7 32. Red1 a5 33. Ba7 R8c7 34. Bb8 Rc8 35. Bh2 f5 36. Nd6 Rf8 37. b3 f4 38. Nc4 Ne3 39. Nxe3 fxe3 40. Qxe3 Rc3 41. Rd3 Rxc2 42. R3d2 Rc3 43. Rd3 Rd8 44. Rxd8 Rxe3 45. Rxa8 Qc2 46. Rg1 Qc5 47. Rb8 Rxb3 48. Rb5 Qc6 49. Rxa5 Ra3 50. Rb5 Rxa4 51. Rb8 Qc3 52. Rb1 Qd2 53. Be5 Ra2 54. Rg1 g5 55. Rb7+ Kg8 56. Bf6 Rc2 57. Be7 Rb2 58. Bf6 Rb3 59. Ra1 Ra3 60. Rg1 Ra5 61. Be7 Ra4 62. Rb1 Ra2 63. Rg1 Rb2 64. Bf6 Rb3 65. Ra1 Ra3 66. Rg1 h5 67. Rg7+ Kf8 68. Bxg5 Qc2 69. Rb7 Ra4 70. Rc1 Qxc1+ 71. Bxc1 Ra1 72. Rc7 b3 73. Kh2 Rb1 74. Bf4 h4 75. Rb7 Ke8 76. Bg5 e5 77. Bxh4 b2 78. Bf6 1-0

[Event "2BLO 2223 MSA Zugzwang - FC Bayern Münc"]
[Site "?"]
[Date "2023.02.26"]
[Round "8.8"]
[White "Hoffmeyer, Falk"]
[Black "Zesch, Ludwig"]
[Result "1/2-1/2"]
[WhiteElo "2330"]
[BlackElo "2297"]
[PlyCount "84"]
[EventDate "2023.??.??"]

1. d4 Nf6 2. Nc3 g6 3. e4 d6 4. Nf3 Bg7 5. Be2 O-O 6. O-O c5 7. dxc5 dxc5 8. Be3 b6 9. Qc1 Bb7 10. e5 Nd5 11. Nxd5 Qxd5 12. Bh6 Nc6 13. Bxg7 Nd4 14. Bd1 Kxg7 15. c3 Ne6 16. Qe3 Rad8 17. Be2 Qe4 18. Qxe4 Bxe4 19. Rfd1 Nf4 20. Kf1 Bxf3 21. Bxf3 Nd3 22. Rab1 Nxe5 23. Be2 g5 24. Ke1 f5 25. a4 Kf6 26. a5 Nc6 27. axb6 axb6 28. Ra1 Rxd1+ 29. Kxd1 Rd8+ 30. Kc2 Rd6 31. Ra8 h6 32. h3 Nd8 33. Rb8 e5 34. Ra8 e4 35. Ra7 Ne6 36. g3 f4 37. Bh5 e3 38. fxe3 fxe3 39. Rh7 c4 40. Kc1 b5 41. Rxh6+ Kg7 42. Rg6+ Kh7 1/2-1/2

[Event "2BLO 2223 SC Garching - SC NT Nürnberg"]
[Site "?"]
[Date "2023.02.26"]
[Round "8.1"]
[White "Milov, Leonid"]
[Black "Vykouk, Jan"]
[Result "1/2-1/2"]
[WhiteElo "2423"]
[BlackElo "2467"]
[PlyCount "57"]
[EventDate "2023.??.??"]

1. e4 c5 2. Nf3 d6 3. d4 cxd4 4. Nxd4 Nf6 5. Nc3 a6 6. Be3 e5 7. Nb3 Be6 8. h3 Be7 9. f4 exf4 10. Bxf4 Nc6 11. Qe2 Nd7 12. O-O-O Nce5 13. Kb1 O-O 14. Qe3 b5 15. g4 Qc7 16. Nd4 Rac8 17. Nd5 Bxd5 18. exd5 Rfe8 19. Qf2 Qc5 20. Bg2 Nc4 21. g5 Ndb6 22. Bc1 Na4 23. Rhf1 f6 24. Ka1 Ne5 25. Nc6 Qxf2 26. Rxf2 Nb6 27. Be4 Nxc6 28. dxc6 fxg5 29. Re2 1/2-1/2

[Event "2BLO 2223 SC Garching - SC NT Nürnberg"]
[Site "?"]
[Date "2023.02.26"]
[Round "8.2"]
[White "Koepke, Christian"]
[Black "Yelisieiev, Yevhenii"]
[Result "0-1"]
[WhiteElo "2301"]
[BlackElo "2408"]
[PlyCount "60"]
[EventDate "2023.??.??"]

1. e4 c5 2. c3 Nf6 3. e5 Nd5 4. Nf3 e6 5. d4 cxd4 6. cxd4 Nc6 7. Bc4 d6 8. O-O Nb6 9. Bd3 Be7 10. Nc3 O-O 11. Qe2 f5 12. exf6 Rxf6 13. Bg5 Rf7 14. Bxe7 Qxe7 15. Rfe1 g6 16. Qe3 Nb4 17. Rad1 Nxd3 18. Rxd3 Bd7 19. Ng5 Rf6 20. Qg3 Raf8 21. f3 Rf5 22. Nge4 e5 23. dxe5 dxe5 24. h4 Bc6 25. Nf2 Rh5 26. Ng4 Nd7 27. Nd5 Qc5+ 28. Qf2 e4 29. Ndf6+ Nxf6 30. Qxc5 Rxc5 0-1

[Event "2BLO 2223 SC Garching - SC NT Nürnberg"]
[Site "?"]
[Date "2023.02.26"]
[Round "8.3"]
[White "Kirchner, Thomas"]
[Black "Rusche, Johannes"]
[Result "1/2-1/2"]
[WhiteElo "2320"]
[BlackElo "2331"]
[PlyCount "39"]
[EventDate "2023.??.??"]

1. e4 e5 2. Nf3 Nc6 3. Bc4 Nf6 4. d3 Be7 5. O-O O-O 6. Re1 d6 7. c3 Na5 8. Bb5 a6 9. Ba4 b5 10. Bc2 c5 11. Nbd2 Nc6 12. Nf1 Re8 13. a4 b4 14. Bg5 d5 15. Bxf6 Bxf6 16. exd5 Qxd5 17. Ne3 Qd8 18. Nd2 Be6 19. Ne4 Be7 20. Qf3 1/2-1/2